000 00403nam a2200121Ia 4500
008 171212s9999 xx 000 0 und d
020 _a9781783742882
100 _aGatten, Jeffrey N.
245 _cGatten, Jeffrey N.
_aWoodstock Scholarship
_bAn Interdisciplinary Annotated Bibliography
260 _bOpen Book Publishers
_c2016
650 _aBibliography
856 _uhttp://jstor.org/stable/j.ctt1sq5v5k
999 _c351607
_d351607